Els Materials àudio i visuals a les biblioteques i centres de documentació
Descripción Física:
116 p. ; 23 cm
Otros Autores:
València. Conselleria de Cultura, Educació i Ciència
MARC
| LEADER | 00000nam a2200000Ia 4500 | ||
|---|---|---|---|
| 001 | 10718 | ||
| 008 | 160829s1992 xx 000 0 cat d | ||
| 080 | |a A-1-67 | ||
| 245 | |a Els Materials àudio i visuals a les biblioteques i centres de documentació | ||
| 260 | |a València : |b Conselleria de Cultura, Educació i Ciència, |c 1992 | ||
| 300 | |a 116 p. ; |c 23 cm | ||
| 490 | |a Quaderns de treball. Llibres, biblioteques i documentació ; 2 | ||
| 650 | |a Audiovisuals |9 34624 | ||
| 650 | |a Biblioteques |x Servei audiovisual |9 34625 | ||
| 700 | |a València. Conselleria de Cultura, Educació i Ciència |9 34626 | ||
| 901 | |a Arxiu | ||
| 942 | |n 1 | ||
| 952 | |0 0 |1 0 |4 0 |6 A167 |7 1 |9 46590 |a Arxiu |b Arxiu |d 2016-12-01 |l 0 |o A-1-67 |p 10718 |r 2016-12-01 00:00:00 |w 2016-12-01 |y ARXIU | ||
| 999 | |c 50383 |d 50383 | ||